Normal view
MARC view
- الملكية الفكرية
Entry Topical Term
001 - CONTROL NUMBER
- control field: 44787
003 - CONTROL NUMBER IDENTIFIER
- control field: JO-AjAnu
005 - DATE AND TIME OF LATEST TRANSACTION
- control field: 20230606081419.0
008 - FIXED-LENGTH DATA ELEMENTS
- fixed length control field: 230606|| aca||aabn | a|a d
040 ## - CATALOGING SOURCE
- Original cataloging agency: JO-AjAnu
- Transcribing agency: JO-AjAnu
150 ## - HEADING--TOPICAL TERM
- Topical term or geographic name entry element: الملكية الفكرية
670 ## - SOURCE DATA FOUND
- Source citation: Work cat.: (JO-AjAnu)22933: لطفي، محمد حسام محمود, author 44786, حقوق الملكية الفكرية: المفاهيم الأساسية، دراسة لأحكام القانون رقم 82 لسنة 2002 في ضوء آراء الفقه وأحكام القضاء المقارن